000 01017cam a22002531i 4500
003 SA-RiAUC
005 20251031125355.0
008 251030q19901999||| g 000 0 ara c
040 _aJO-MaAABU
_bara
_cSA-RiAUC
_erda
050 0 4 _bH87. 1990
082 0 4 _a212.3
090 _a212.3
_bح س ن
100 1 _aالحسني، محمد بن علوي المالكي،
_d1367-1425 هجري
_eمؤلف.
245 1 0 _aحول الاحتفال بذكرى المولد النبوي الشريف /
_cمحمد بن علوي المالكي الحسني.
264 1 _a[مكان النشر غير محدد] :
_b[الناشر غير محدد]،
_c[بين 1990 و1999]
300 _a38 صفحة؛
_c16 سم.
336 _aنص
_btxt
_2rdacontent
_3كتاب
337 _aبدون وسيط
_bn
_2rdamedia
338 _aمجلد
_bnc
_2rdacarrier
650 7 _aالبدع في الإسلام
_2aucsh
650 7 _aالمولد النبوي
_2aucsh
942 _2ddc
_cBOOK
_n0
949 _aSA-JeALM
_d251030
_umohamedma123
_n1
999 _c12871
_d12871